Historia de Belgrano y de la independencia argentina

Uloženo v:
Podrobná bibliografie
Hlavní autor: Mitre, Bartolomé (autor)
Médium: Kniha
Jazyk:španělština
Vydáno: Buenos Aires Anaconda 1950
Témata:
Tagy: Přidat tag
Žádné tagy, Buďte první, kdo vytvoří štítek k tomuto záznamu!

MARC

LEADER 00000nam a2200000 a 4500
001 UCO4146
003 CL-VaPUC
008 000728e19500000AG |||||||||||||||||spa|d
082 0 4 |a 982.03  |b MIT  |2 21 
100 |a Mitre, Bartolomé  |e autor  |9 315189 
245 1 0 |a Historia de Belgrano y de la independencia argentina 
300 |a 701 p 
942 |c BK 
945 |d 20000728 00:00:00  |a crobeson 
260 |a Buenos Aires  |b Anaconda  |c 1950 
600 0 7 |a BELGRANO, MANUEL  |2 CL-VaPUC  |9 448335 
650 0 |a Historia de Argentina  |9 319851 
650 0 |a Independencia   |9 344246 
650 0 |a Guerra de independencia   |9 327964 
651 0 |a Argentina  |9 254888 
583 |a last modification  |c 20000728 00:00:00  |k Rodrigo Vera 
999 |c 290220  |d 290218 
952 |0 0  |1 0  |4 0  |6 982_030000000000000_MIT_1950  |7 0  |8 A  |9 339515  |a BIBHIS  |b BIBHIS  |d 2019-11-20  |i 1211080  |o 982.03 MIT 1950  |p 1211080  |r 2025-01-20  |w 2019-11-20  |y BK  |k HIS